000 00599nam a22001937a 4500
005 20170825164117.0
010 _aENG-120086
020 _a9789352341313
_c400.00
035 _aEN-103618
037 _bDBAD/PUB
082 _a883.08
100 _aDarkhasha Azhar
245 _aArundhati Roy :
_cby Darkhasha Azhar
_binvincible visionary /
260 _aNew Delhi
_bAyushman Publication House
_c2017
270 _aF-14,Kauz Khas Enclave
_bNew Delhi
_e110016
300 _awjjj,125p.
_c22cm(Hb)
500 _aIncludes bibliographical references
942 _2ddc
_cEN
_h883.08
_mDAR
999 _c143855
_d143855